Marcha peronista - Estadísticas

Estadísticas generales
  • Esta prueba ha sido intentada 20 veces
  • La puntuación promedio es 82 de 129
Estadísticas de respuestas
Respuesta % Correcto
[coro]
100%
Perón
100%
de
93%
el
93%
Los
93%
los
93%
muchachos
93%
peronistas
93%
a
86%
Con
86%
con
86%
gran
86%
la
86%
Mi
86%
sos
86%
un
86%
unido
86%
unidos
86%
y
86%
capital
79%
corazón
79%
general
79%
grande
79%
primer
79%
que
79%
todos
79%
trabajador
79%
al
71%
combatiendo
71%
grito
71%
triunfaremos
71%
Viva
71%
pueblo
64%
conductor
57%
cuanto
57%
del
57%
valés
57%
argentino
50%
como
50%
masa
50%
siempre
50%
amor
43%
Argentina
43%
daremos
43%
es
43%
Por
43%
su
43%
conquistar
36%
en
36%
ese
36%
supo
36%
se
29%
sin
29%
este
21%
ha
21%
San
21%
trabajó
21%
camino
14%
cesar
14%
debemos
14%
efectiva
14%
ejemplo
14%
entero
14%
está
14%
establecido
14%
igualdad
14%
Imitemos
14%
Martín
14%
para
14%
principios
14%
realidad
14%
reine
14%
sociales
14%
soñó
14%
varón
14%
gritemos
7%
Porque
7%
siguiendo
7%
No se encontraron pruebas coincidentes
Distribución de puntuación
Porcentaje de gente con cada puntuación
Porcentaje por número respondido
Historial de tus puntuaciones
No has intentado esta prueba.